|
|
|
|
| LEADER |
01323nam a22003372a 4500 |
| 001 |
000391841 |
| 003 |
CZ BrMZK |
| 005 |
20161108134606.0 |
| 007 |
ta |
| 008 |
980105s1989 xr a f cze d |
| 015 |
|
|
|a cnb000050476
|
| 020 |
|
|
|q (Brožováno)
|
| 035 |
|
|
|a (OCoLC)39437695
|
| 040 |
|
|
|a ABA001
|b cze
|d ABA001
|d BOA001
|
| 080 |
9 |
|
|a 76
|
| 080 |
9 |
|
|a 061.4
|
| 080 |
9 |
|
|a 76(437)"19":92Ranný,Emanuel(064)
|
| 100 |
1 |
|
|a Ranný, Emanuel,
|d 1943-2022
|7 jn19990009963
|4 art
|
| 245 |
1 |
0 |
|a Emanuel Ranný :
|b Dům umění města Brna, Galerie Stará radnice, 13. června - 23. července 1989 /
|c text katalogu Zdeněk Čubrda, Jan Skácel ; fotografie Pavel Heřman ; grafická úprava Jiří Stejskal
|
| 260 |
|
|
|a Brno :
|b Dům umění města Brna,
|c 1989
|
| 300 |
|
|
|a [27] s. :
|b il. ;
|c 21 cm +
|e seznam vystavených prací
|
| 600 |
1 |
7 |
|a Ranný, Emanuel,
|d 1943-
|7 jn19990009963
|2 czenas
|
| 655 |
|
7 |
|a katalogy výstav
|7 fd132536
|2 czenas
|
| 700 |
1 |
|
|a Čubrda, Zdeněk,
|d 1949-
|7 jo20010084890
|4 aut
|
| 700 |
1 |
|
|a Skácel, Jan,
|d 1922-1989
|7 jk01111393
|4 aut
|
| 700 |
1 |
|
|a Heřman, Pavel,
|d 1949-
|7 jn20000400946
|4 pht
|
| 700 |
1 |
|
|a Stejskal, Jiří
|4 oth
|
| 910 |
|
|
|a BOA001
|b X-0946.216
|
| 990 |
|
|
|a BK
|
| 991 |
|
|
|b 201605
|
| 996 |
6 |
|
|b 2619805482
|c X-0946.216
|l MZK
|r Sklad / do 24 hodin
|n 5
|w 000391841
|u 000010
|a 1
|e BOA001
|j MZK50
|s P
|